The safety and training effects of rowing compared to cycling : measured by EKG, cardiovascular parameters, and muscular endurance in male cardiac rehabilitation participants /

Bibliographic Details
Main Author: Tracy, Diane Marie, 1951-
Format: Thesis Microform Book
Language:English
Published: [Place of publication not identified] : [publisher not identified] ; 1985.
Subjects:

MARC

Tag First Indicator Second Indicator Subfields
LEADER 00000cam a2200000 a 4500
001 in00000017949
005 20151007053114.0
007 he bmb|||||||
008 880112r19871985orua bb 00010 eng d
035 |a (OCoLC)17335499 
035 |9 AAB0428AM 
040 |a ORU  |c SDB  |d SDB  |d HPE  |d TXA  |d UtOrBLW 
049 |a TXAI 
099 |a fiche  |a C  |a 10408 
100 1 |a Tracy, Diane Marie,  |d 1951- 
245 1 4 |a The safety and training effects of rowing compared to cycling :  |b measured by EKG, cardiovascular parameters, and muscular endurance in male cardiac rehabilitation participants /  |c by Diane Marie Tracy. 
264 1 |a [Place of publication not identified] :  |b [publisher not identified] ;  |c 1985. 
300 |a xiv, 114 leaves :  |b illustrations 
336 |a text  |b txt  |2 rdacontent 
337 |a microform  |b h  |2 rdamedia 
338 |a microfiche  |b he  |2 rdacarrier 
502 |b Ph. D.  |c University of Oregon  |d 1985. 
504 |a Bibliography: leaves 109-114. 
533 |a Microfiche.  |b Eugene :  |c Microform Publications, College of Human Development and Performance, University of Oregon,  |d 1987.  |e 2 microfiches : negative ; 11 x 15 cm. 
500 |a Microform. 
650 0 |a Rowing  |x Physiological aspects. 
650 0 |a Cycling  |x Physiological aspects. 
650 0 |a Heart  |x Diseases  |x Exercise therapy. 
999 |a MARS 
999 f f |s a26f4d7e-2f36-3517-9feb-cfcf5fdac86e  |i e181e1e8-fa95-31a0-8d37-b07d2c87b1b1  |t 0 
952 f f |p default  |a Texas A&M University  |b College Station  |c Sterling C. Evans Library  |d Evans: Microforms (3rd floor)  |t 0  |e fiche C 10408  |h Other scheme  |i microform -- microfiche 
998 f f |a fiche C 10408  |t 0  |l Evans: Microforms (3rd floor)